<?xml version="1.0" encoding="UTF-8"?>
<collection xmlns="http://www.loc.gov/MARC21/slim">
 <record>
  <leader>02039caa a2200361   4500</leader>
  <controlfield tag="001">1762890984</controlfield>
  <controlfield tag="003">DE-627</controlfield>
  <controlfield tag="005">20210821013540.0</controlfield>
  <controlfield tag="007">cr uuu---uuuuu</controlfield>
  <controlfield tag="008">210714s2008    xx |||||oo    00| ||eng c</controlfield>
  <datafield tag="035" ind1=" " ind2=" ">
   <subfield code="a">(DE-627)1762890984</subfield>
  </datafield>
  <datafield tag="035" ind1=" " ind2=" ">
   <subfield code="a">(DE-599)KXP1762890984</subfield>
  </datafield>
  <datafield tag="035" ind1=" " ind2=" ">
   <subfield code="a">(OCoLC)1264432118</subfield>
  </datafield>
  <datafield tag="040" ind1=" " ind2=" ">
   <subfield code="a">DE-627</subfield>
   <subfield code="b">ger</subfield>
   <subfield code="c">DE-627</subfield>
   <subfield code="e">rda</subfield>
  </datafield>
  <datafield tag="041" ind1=" " ind2=" ">
   <subfield code="a">eng</subfield>
  </datafield>
  <datafield tag="084" ind1=" " ind2=" ">
   <subfield code="a">KUNST</subfield>
   <subfield code="q">DE-16</subfield>
   <subfield code="2">fid</subfield>
  </datafield>
  <datafield tag="100" ind1="1" ind2=" ">
   <subfield code="a">Waller, Susan</subfield>
   <subfield code="d">1948-</subfield>
   <subfield code="e">VerfasserIn</subfield>
   <subfield code="0">(DE-588)188481540</subfield>
   <subfield code="0">(DE-627)699405211</subfield>
   <subfield code="0">(DE-576)135349958</subfield>
   <subfield code="4">aut</subfield>
  </datafield>
  <datafield tag="245" ind1="1" ind2="0">
   <subfield code="a">[Rezension von: Jane Desmarais, Martin Postle, and William Vaughan, eds., Model and supermodel, the artist’s model in British art and culture]</subfield>
   <subfield code="c">Susan Waller, Associate Professor, University of Missouri-Saint Louis</subfield>
  </datafield>
  <datafield tag="264" ind1=" " ind2="1">
   <subfield code="c">[2008]</subfield>
  </datafield>
  <datafield tag="300" ind1=" " ind2=" ">
   <subfield code="b">Illustration</subfield>
  </datafield>
  <datafield tag="336" ind1=" " ind2=" ">
   <subfield code="a">Text</subfield>
   <subfield code="b">txt</subfield>
   <subfield code="2">rdacontent</subfield>
  </datafield>
  <datafield tag="337" ind1=" " ind2=" ">
   <subfield code="a">Computermedien</subfield>
   <subfield code="b">c</subfield>
   <subfield code="2">rdamedia</subfield>
  </datafield>
  <datafield tag="338" ind1=" " ind2=" ">
   <subfield code="a">Online-Ressource</subfield>
   <subfield code="b">cr</subfield>
   <subfield code="2">rdacarrier</subfield>
  </datafield>
  <datafield tag="500" ind1=" " ind2=" ">
   <subfield code="a">Gesehen am 13.07.2021</subfield>
  </datafield>
  <datafield tag="655" ind1=" " ind2="7">
   <subfield code="a">Rezension</subfield>
   <subfield code="0">(DE-588)4049712-4</subfield>
   <subfield code="0">(DE-627)106186019</subfield>
   <subfield code="0">(DE-576)209083166</subfield>
   <subfield code="2">gnd-content</subfield>
  </datafield>
  <datafield tag="773" ind1="0" ind2="8">
   <subfield code="i">Enthalten in</subfield>
   <subfield code="t">Nineteenth century art worldwide</subfield>
   <subfield code="d">College Park, Md. : Univ. of Maryland, 2002</subfield>
   <subfield code="g">7(2008), 1</subfield>
   <subfield code="h">Online-Ressource</subfield>
   <subfield code="w">(DE-627)363760202</subfield>
   <subfield code="w">(DE-600)2107291-7</subfield>
   <subfield code="w">(DE-576)28122398X</subfield>
   <subfield code="x">1543-1002</subfield>
   <subfield code="7">nnns</subfield>
  </datafield>
  <datafield tag="773" ind1="1" ind2="8">
   <subfield code="g">volume:7</subfield>
   <subfield code="g">year:2008</subfield>
   <subfield code="g">number:1</subfield>
  </datafield>
  <datafield tag="787" ind1="0" ind2="8">
   <subfield code="i">Rezension von</subfield>
   <subfield code="t">Model and supermodel</subfield>
   <subfield code="b">1. publ.</subfield>
   <subfield code="d">Manchester [u.a.] : Manchester University Press, 2006</subfield>
   <subfield code="h">XV, 169 S.</subfield>
   <subfield code="w">(DE-627)1603647465</subfield>
   <subfield code="w">(DE-576)261394053</subfield>
   <subfield code="z">071906662X</subfield>
   <subfield code="z">9780719066627</subfield>
  </datafield>
  <datafield tag="856" ind1="4" ind2="0">
   <subfield code="u">https://www.19thc-artworldwide.org/spring08/40-spring08/spring08review/104-model-and-supermodel-the-artists-model-in-british-art-and-culture-jane-desmarais-martin-postle-and-william-vaughan-eds</subfield>
   <subfield code="x">Verlag</subfield>
   <subfield code="z">kostenfrei</subfield>
   <subfield code="3">Volltext</subfield>
  </datafield>
  <datafield tag="951" ind1=" " ind2=" ">
   <subfield code="a">AR</subfield>
  </datafield>
  <datafield tag="994" ind1=" " ind2=" ">
   <subfield code="u">https://www.19thc-artworldwide.org/spring08/model-and-supermodel-the-artists-model-in-british-art-and-culture-jane-desmarais-martin-postle-and-william-vaughan-eds</subfield>
  </datafield>
  <datafield tag="991" ind1=" " ind2=" ">
   <subfield code="a">Rezension (Monographie, Zeitschrift, Aufsatz)</subfield>
  </datafield>
  <datafield tag="999" ind1=" " ind2=" ">
   <subfield code="a">KXP-PPN1762890984</subfield>
   <subfield code="e">4627899947</subfield>
  </datafield>
 </record>
</collection>
